| 000 | 01347cam a22003737a 4500 | ||
|---|---|---|---|
| 003 | CHAP | ||
| 005 | 20220817042943.0 | ||
| 008 | 971013s1996 r 00010 d | ||
| 010 | _a61076 | ||
| 011 | _a62048 | ||
| 035 | _a66222 | ||
| 040 | _cCHAP | ||
| 090 | _aTesis | ||
| 100 | 0 | 0 |
_aNavarro García, Claudia. _980556 |
| 245 | 1 | 3 | _aEl trasporte marítimo de carga internacional y la participación de México en el TLC |
| 260 |
_aChapingo, Méx.: _bEl autor, _c1996 |
||
| 300 |
_a109 h. _b; gráfs.; mapas |
||
| 502 | _aTesis (Lic. en Comercio Internacional de Productos Agropecuarios) -- UACH. Departamento de Economía Agrícola | ||
| 590 |
_aALEPH _b10 _c20130110 _lUCH01 _h1340 |
||
| 590 |
_aBATCH-UPD _b10 _c20130110 _lUCH01 _h0422 |
||
| 590 |
_aBATCH-UPD _b10 _c20130110 _lUCH01 _h2317 |
||
| 590 |
_aBATCH-UPD _b10 _c20130410 _lUCH01 _h0057 |
||
| 590 |
_aBATCH-UPD _b10 _c20130410 _lUCH01 _h1607 |
||
| 590 |
_aBATCH-UPD _b10 _c20130914 _lUCH01 _h1013 |
||
| 590 |
_aCONVERSION _b10 _c20130109 _lUCH01 _h1333 |
||
| 650 | 1 | 4 |
_aComercio _zMéxico. _925624 |
| 650 | 1 | 4 |
_aMarina mercante. _971375 |
| 650 | 1 | 4 |
_aTransportes marítimos. _9114661 |
| 650 | 1 | 4 | _aTratado Trilateral de Libre Comercio. |
| 901 | _aBK | ||
| 942 | _cFOLL | ||
| 949 |
_bBC _cTES _d-151379 _eTS1 _h29226 _i66222 _si |
||
| 949 |
_bBC _cTES _d33724000620688 _eTS2 _fc.2 _h29227 _i66222 _si |
||
| 999 |
_c61076 _d61076 |
||